Vista normal
Vista MARC
Entrada Topical Term
Número de registros utilizados en: 1
001 - CONTROL NUMBER
- control field: 39841
003 - CONTROL NUMBER IDENTIFIER
- control field: OSt
005 - DATE AND TIME OF LATEST TRANSACTION
- control field: 20210901093716.0
008 - FIXED-LENGTH DATA ELEMENTS
- fixed length control field: 210901|| aca||aabn | a|a d
040 ## - CATALOGING SOURCE
- Original cataloging agency: OSt
- Transcribing agency: OSt
150 ## - HEADING--TOPICAL TERM
- Topical term or geographic name entry element: Cooperación del sector público
- General subdivision: privado
- Geographic subdivision: América Latina
670 ## - SOURCE DATA FOUND
- Source citation: Work cat.: (OSt)12331: Luis A. Andres, autor 27934, El impacto de la participación del sector privado en infraestructura : , 2008.